000 00422nam a22001217a 4500
999 _c9962
_d9962
003 OSt
008 201217b ||||| |||| 00| 0 eng d
245 _aInternational Journal of Information Dissemination and Technology
250 _a2011(Jan-Mar Vol.1 No.1, Apr-Jun Vol.1 No.2, Jul-Sep Vol.1 No.3)
260 _aAmbala, Haryana
_bMaharishi Markandeshwar University
650 _aComputer Science Engineering
942 _2ddc
_cBV